书目信息 |
| 题名: |
图书馆业务自学大全
|
|
| 作者: | 邢淑贤 编著 | |
| 分册: | 14 图书馆学论文索引 | |
| 出版信息: | 1980 |
|
| 页数: | 171页 | |
| 开本: | 19cm | |
| 丛书名: | 吉林省图书馆学会丛书 | |
| 单 册: | ||
| 中图分类: | G251.5 | |
| 科图分类: | ||
| 主题词: | 图书馆事业 , 图书馆学 | |
| 电子资源: | ||
| ISBN: | ||
| 000 | 00668nam0 2200217 450 | |
| 001 | 0630818422 | |
| 005 | 20060813104003.95 | |
| 100 | @a20060720d1980 km y0chiy0120 ea | |
| 101 | 0 | @achi |
| 200 | 1 | @a图书馆业务自学大全@h14@i图书馆学论文索引@Atu shu guan ye wu zi xue da quan@f邢淑贤编著@Fxing shu xian bian zhu |
| 210 | @d1980 | |
| 215 | @a171页@d19cm | |
| 225 | 2 | @a吉林省图书馆学会丛书 |
| 410 | 0 | @12001 @a吉林省图书馆学会丛书 |
| 517 | 1 | @a图书馆学论文索引@Atu shu guan xue lun wen suo yin |
| 606 | 0 | @a图书馆事业 |
| 606 | 0 | @a图书馆学 |
| 690 | @aG251.5@v3 | |
| 701 | 0 | @a邢淑贤@Axing shu xian@4编著 |
| 801 | 0 | @aCN@bPFT@c20060813 |
| 905 | @a10447@dG251.5@e11:14 | |
| 图书馆业务自学大全.14.图书馆学论文索引/邢淑贤编著.-1980 |
| 171页;19cm.-(吉林省图书馆学会丛书) |
| ISBN : |
| ● |
| 相关链接 |
|
|
|
|
正题名:图书馆业务自学大全
索取号:G251.5/11:14
 
预约/预借
| 序号 | 登录号 | 条形码 | 馆藏地/架位号 | 状态 | 备注 |
| 1 | 0425923 | 204259239 | 密集书库/ [索取号:G251.5/11:14] | 在馆 | |
| 2 | 0425924 | 204259248 | 密集书库/ [索取号:G251.5/11:14] | 在馆 | |
| 3 | 0425925 | 204259257 | 密集书库/ [索取号:G251.5/11:14] | 在馆 | |
| 4 | 0441980 | 204419806 | 密集书库/ [索取号:G251.5/11:14] | 在馆 | |
| 5 | 0459229 | 204592299 | 密集书库/ [索取号:G251.5/11:14] | 在馆 | |
| 6 | 0459230 | 204592306 | 密集书库/ [索取号:G251.5/11:14] | 在馆 | |
| 7 | 0459231 | 204592315 | 密集书库/ [索取号:G251.5/11:14] | 在馆 |